MDQL
is popping MORE tags! Check the
thread
!
Quizzes
Events
Quiz Creation
Community
Videos
Private Events
Remove Ads
Sign In
Join for FREE
Feedback
Dark Mode
Quiz Categories
Sports
Geography
Music
Movies
Television
Just For Fun
Miscellaneous
History
Literature
Language
Science
Gaming
Entertainment
Religion
Holiday
For Kids
Quiz Lab
Recent
Popular Today
Quiz Kudos Today
Editor Picks
Curator Picks
Quizzes by...
Day
Popularity
Type
Ratings
Length
Year
Community
Subscriptions
Recent Discussions
Orange Saloon
Badges
Playlists
Quests
Create
Leaderboards
Showdown
Live 5
Trivia Bingo
Activity
Puzzle Library
Sporcle Events
Private Events
Virtual Trivia
Globe League
Become a Host
Pub Owners
SporcleCon
Opinionation
Our Games
Videos
Blog
Mobile Apps
Partnerships
Remove Ads and Go Orange
Feedback
Television
TV Characters
TV Show
Sitcom
Network
Friends
Reality Shows
Cast
South Park
Star Trek
The Simpsons
Doctor Who
Television
TV Characters
TV Show
Sitcom
Network
Friends
Reality Shows
Cast
South Park
Star Trek
The Simpsons
Doctor Who
Random Quiz
Search Sporcle
×
Quiz Lab
Quiz Lab
Television
Sitcom
Type in answers that appear in a list
Type in answers that appear in a list
Classic
Best Score? Go Orange.
Advanced 'Community' Evaluation 101 Stats
Can you name the memory pops from NBC's Community?
By
buttstuff
7m
50 Questions
1,283 Plays
1,283 Plays
1,283 Plays
Comments
Comments
Give Quiz Kudos
Give Quiz Kudos
-
- Ratings
hide this ad
More Info
Replay
Link that replays current quiz
Next Quiz
Link to next quiz in quiz playlist
You Got
0%
They Got
Avg Score
42%
Avg Friend Score
Upgrade to see
Score Distribution
Jump to the score distribution portion of the page
Score
0/50
Timer
07:00
0
Plays Today
Pop
Pop!
% Correct
Pierce was divorced this many times
seven
82.2%
Andre left Shirley for a _
_
_
_
(profession)
stripper
80.9%
Starburns' real name (first name)
Alex
74.4%
Shirley's newborn son is named
Ben Bennett
73.8%
Troy's nickname in high school
T-Bone
71.2%
Annie pledges to fix this problem in the student election
black mold
70.1%
Chang's brother is a _
_
_
_
(profession/
title)
Rabbi
69.1%
Dean Pelton claims his outfit in Intro to Political Science belongs to this person
his sister
67.3%
Fat Neil needed to roll this number or higher to win D&D
18
60.6%
Leonard changes his last name to this to court the Latino vote
Rodriguez
57.8%
Annie was in this support group with Alan
Narcotics Anonymous
56.9%
Abed's bagel/
baggle count
13
56.2%
Jeff's cites this as the most important tool to mankind
respect
55.7%
Troy has only this item in his backpack in Cooperative Calligraphy
pillow
55.1%
The class watches a video called God of _
_
_
in Messianic Myths and Ancient Peoples
Farts
52%
Name of the psychology experiment in Social Psychology
Duncan Principle
49.9%
Name one of hung over Abed's guesses for 'the girl in The Breakfast Club'
Molly Ringworm
48.2%
Abed's film production company
Cool Abed Films
47.3%
In Physical Education, Britta suggests Abed be Jo from this show
Facts of Life
44.7%
Shirley's boring friend Gary is from this country
Finland
44.2%
Nurse Jackie compares himself to this M.A.S.H. character
Hawkeye
42.5%
City College's Dean _
_
_
_
(last name)
Spreck
42.1%
The Dead Poets professor is supposed to be teaching this subject
Accounting
41.7%
Enjoy eating fiber and watching _
_
_
_
_
_
(Troy line)
The Mentalist
40.8%
Tom Selleck fights mechanical _
_
_
_
spiders
40.1%
Pop
Pop!
% Correct
Chang tells Britta her mouth looks like a _
_
_
coin purse
39.7%
Annie's alias in Mixology Certification
Caroline Decker
38.7%
Abed and Jeff's cereal of choice in Home Economics
Lucky Charms
38.3%
Vicki's major
Dance
37.6%
Slater and Jeff compare relationships to this actor
Jim Belushi
36.6%
Duncan's mother always got him these children's books
Paddington Bear
36.2%
Cheers. M.A.S.H. _
_
_
_
. Game over.
Fawlty Towers
35.2%
Lukka is from this war-
torn region in Eastern Europe
Balkans
34.8%
'BCI' in Communication Studies stands for
Booty Call Implication
34.7%
Pierce whispers this at the apex of his bounce on the trampoline
father
32.5%
Shirley can't stop talking about this mac and cheese ingredient
pepper jack
31.7%
Britta was once given a gym bag full of these
nickels
31.6%
Troy compares his friendship with Abed to this
giant cookie
30.2%
Name the song or artist Pierce plagiarized for his school song
The Way It Is
29.4%
Britta's lesbian friend (first name)
Paige
29%
Chang offers Jeff one of these from a jar in Environmental Sci.
pickled bull testicle
23.9%
Jeff compares Prof. Kane to this actor
Sean Penn
22.8%
Abed's mother told him to wash this in her Christmas card
his dupa
22.6%
Jeff's middle name, revealed in the email that got him fired
Tobias
22.4%
Professor Kane's first name
Marshall
21.2%
Jeff's father is called William the _
_
_
_
_
in Advanced D&D
Barely Known
20.7%
Title of Abed's film in Intro to Film
Six Candles
19.5%
Jeff's mother's name, shared by Pierce's escort
Doreen
13.4%
Smooth move, _
_
_
_
_
(Pierce line)
Metamucil
10.8%
Name of the replacement Spanish professor in English as a Second Language
Senora Escodera
6%
Quiz Playlist
Details
Report
Send in Message
Add To Playlist
More Info:
The ultimate 'Community' quiz. Winners go to Denny's. Losers can go to wherever Gary is.
Classic:
Type in answers that appear in a list
Last Updated: Feb 16, 2017
Quiz Scoreboard
CHALLENGE
Sign Up to Join the Scoreboard
Show All
Scores
Hide
Comments
May contain spoilers
Recently Published
Find the 'City' Movie
by crazypaving
Movies
60s
5x2 Blitz: Bands
by SL_Kpop136
Music
30s
Colored Red Africa Blitz
by spor1
Geography
30s
More to Explore
Quiz From the Vault
Featured Blog Post
14 Easter Pick-up Lines to Find Eggs With
hide this ad
You Might Also Like...
Tags
Sitcom Quiz
TV Show Quiz
Comedy
Community
NBC
NBC Thursday
Today's Top Quizzes in Television
Browse Television
hide this ad
Today's Top Quizzes in Sitcom
Browse Sitcom
Top Contributed Quizzes in Television
1
Survivor Journey Challenge
2
Brooklyn Nine Nine Logic Puzzle (How-To-Play)
3
Phoebe Buffay Quotes
4
Survivor Trivia
5
Total Drama Characters
6
Survivor Logic Puzzle: Heroes vs. Villains
7
One Tree Hill Logic Puzzle
8
Survivor Heroes vs. Villains Logic Puzzle
9
All US Survivor Seasons in Order
10
Adjectives in 00s TV Shows
Explore More
Trending Topics
Marvel
Harry Potter
Disney
Anime
Kpop
NBA
Crossword
Soccer
Country
Puzzle
NFL
The Office
WWE
Song
Pokémon
hide this ad
More By:
buttstuff
Quiz
Plays
Rating
Category
Featured
Created
Advanced 'Community' Evaluation 201
700
4.80
Television
Feb 18, 2012
Advanced 'Community' Evaluation 101
1,283
5.00
Television
Jan 30, 2012
Advanced 'Community' Evaluation 201
700
4.80
Television
Feb 18, 2012
Go to Creator's Profile
Score Distribution
Quiz Creator Spotlight
buttstuff
Follow
Send a Message
Quizzes Created
-
Created Quiz Play Count
-
More By This Creator
Popular Quizzes Today
1
Colored Red Africa Blitz
2
Find the 'City' Movie
3
Find the US States - No Outlines Minefield
4
5x2 Blitz: Bands
5
The Countries of the World
6
Find the US States
7
Find the Countries of Europe - No Outlines Minefield
8
US States
More Television Quizzes
Fullmetal Alchemist Brotherhood Characters
Quiz Lab
Trending Quizzes
Colored Red Europe Blitz I
Colored Red Europe Blitz II
Colored Red Africa Blitz II
Colored Red Europe Blitz III
Colored Red Africa Blitz III
Recently Updated
How Do You Spell That?
pecheneg
Godzilla Movies
pecheneg
Grab Bag: 4-10 Letters
pecheneg
2024 March Madness Bracket
pecheneg
Famous TV Couples
Peacemaker
Champions League XIs: Real Madrid
pecheneg
Largest US Cities 1790-2010
pecheneg
Rides in Walt Disney World
pecheneg
Most Oscar Losses (Acting)
pecheneg
Beyoncé Albums
pecheneg
Trending Topics
Kpop
Anime
Disney
Marvel
Harry Potter
NBA
Crossword
Country
Soccer
The Office
Song
NFL
Puzzle
Pokémon
WWE
Your Account Isn't Verified!
In order to create a playlist on Sporcle, you need to verify the email address you used during registration. Go to your
Sporcle Settings
to finish the process.
Report this User
Report this user for behavior that violates our
Community Guidelines
.
Details:
Send Report
Go to the Sporcle.com Mobile Site →
Comments